Ekonomika ťažby surovín

Definovanie oceňovania ložísk nerastných surovín. Základné pojmy oceňovania ložísk. Charakteristika oceňovania ložísk. Analýza investícií v baníctve. Dynamický charakter oceňovania ložiska úžitkového nerastu prostredníctvom banského nerastu.

Guardado en:
Detalles Bibliográficos
Autor principal: Cehlár, Ján
Otros Autores: Behún, Marcel, Cehlárová, Ivana
Formato: Capítulo de libro
Lenguaje:eslovaco
Materias:
Etiquetas: Agregar Etiqueta
Sin Etiquetas, Sea el primero en etiquetar este registro!

MARC

LEADER 00000naa$a2200000$$$4500
001 0069045
005 20231011093656.0
041 0 |a slo 
044 |a SK 
245 1 0 |a Ekonomika ťažby surovín  |c Ján Cehlár, Marcel Behún, Ivana Cehlárová 
520 |a Definovanie oceňovania ložísk nerastných surovín. Základné pojmy oceňovania ložísk. Charakteristika oceňovania ložísk. Analýza investícií v baníctve. Dynamický charakter oceňovania ložiska úžitkového nerastu prostredníctvom banského nerastu. 
610 2 0 |a ťažba surovín 
610 2 0 |a oceňovanie 
610 2 0 |a investície 
610 2 0 |a baníctvo 
610 2 0 |a projekty 
100 1 |a Cehlár, Ján 
700 1 |a Behún, Marcel 
700 1 |a Cehlárová, Ivana